Veřejné zájmy - praxe a teorie

Teória verejnej voľby (public choice) - jeden z moderných smerov ekonomického myslenia. Teoretici hlásiaci sa k tejto škole sa zaoberajú predovšetkým týmito okruhmi problémov: ako funguje štátna správa, uplatňovanie hospodárskej politiky (problematika deficitu štátneho rozpočtu), verejné výdavky a d...

Full description

Saved in:
Bibliographic Details
Main Author: Farský, Miroslav
Other Authors: Měsíček, Libor
Format: Book Chapter
Language:Czech
Subjects:
Tags: Add Tag
No Tags, Be the first to tag this record!

MARC

LEADER 00000naa a2200000 4500
001 r018165
005 20221205102446.1
041 0 |a cze 
044 |a CZ 
245 1 0 |a Veřejné zájmy - praxe a teorie  |c Miroslav Farský, Libor Měsíček 
520 |a Teória verejnej voľby (public choice) - jeden z moderných smerov ekonomického myslenia. Teoretici hlásiaci sa k tejto škole sa zaoberajú predovšetkým týmito okruhmi problémov: ako funguje štátna správa, uplatňovanie hospodárskej politiky (problematika deficitu štátneho rozpočtu), verejné výdavky a daňové rozhodnutia. 
610 2 0 |a škola voľby verejnej 
610 2 0 |a záujmy verejné 
610 2 0 |a myslenie ekonomické 
610 2 0 |a správa štátna 
610 2 0 |a politika hospodárska 
610 2 0 |a deficit 
610 2 0 |a rozpočet štátny 
610 2 0 |a výdavky verejné 
100 1 |a Farský, Miroslav 
700 1 |a Měsíček, Libor